The Gleams Of Science In The Upanisads And Srimad Bhagwat Gita/ (Record no. 211405)

MARC details
000 -LEADER
fixed length control field 00563nam a22001817a 4500
005 - DATE AND TIME OF LATEST TRANSACTION
control field 20250523150501.0
010 ## - LCCN (DPL NO)
LC control number ENG-145016
020 ## - INTERNATIONAL STANDARD BOOK NUMBER
International Standard Book Number 9789380574172
Terms of availability 950.00
035 ## - SYSTEM CONTROL NUMBER
System control number EN-128548
037 ## - SOURCE OF ACQUISITION
Source of stock number/acquisition DBAD
082 ## - DEWEY DECIMAL CLASSIFICATION NUMBER
Classification number 230.2
Edition number 1
100 ## - MAIN ENTRY--PERSONAL NAME
Personal name Vartak, Pradmakarvishnu
245 ## - TITLE STATEMENT
Title The Gleams Of Science In The Upanisads And Srimad Bhagwat Gita/
Statement of responsibility, etc Pradmakarvishnu Vartak
260 ## - PUBLICATION, DISTRIBUTION, ETC. (IMPRINT)
Place of publication, distribution, etc Delhi
Name of publisher, distributor, etc Bookwell
Date of publication, distribution, etc 2010
270 ## - ADDRESS
Address 3/79,Nirankari Colony
City Delhi
Postal code 1100009
300 ## - PHYSICAL DESCRIPTION
Extent xxiii,363p.
Dimensions 24cm(Hb)
942 ## - ADDED ENTRY ELEMENTS (KOHA)
Source of classification or shelving scheme Dewey Decimal Classification
Item type English Books
Classification part 230.12
Call number suffix VAR
Holdings
Withdrawn status Lost status Not for loan Collection code Home library Current library Date acquired Source of acquisition Cost, normal purchase price Full call number Barcode Copy number Cost, replacement price Koha item type
      Non-fiction New Police Line New Police Line 23/05/2025 Delivery of Books Act Division 950.00 230.12 VAR EN-128548 1 950.00 English Books

© Delhi Public Library
Hit Counter
free hit counter